000 00309nam a2200097 a 4500
005 20200929151539.0
008 090728s2002 000 spa d
245 0 _aDelitos relacionados con el sistema informatico y la red cibernetica limitaciones del sistema.
260 _aSanto Domingo,
_c2002.
999 _c4768
_d4768
040 _aDO-SdBNP